000 00362 a2200157 4500
001 74695
020 _a9788572088473
040 _cAnchieta - Colégio São Paulo
100 _aLacombe, Ana Luísa
240 1 0 _aA árvore de Tamoromu
_lpor
245 1 0 _aA árvore de Tamoromu
300 _a24
362 0 _a2013
650 4 _aLiteratura infantil
942 _cBK
999 _c74695
_d74695